LDR 01765naa#a2200301#i#450# 001 RU\INFRA-M\bibl\113877 005 20260419083916.7 011 ## _a2712-9640 100 ## _a20260325b2026####ek#y0rusy0150####ca 102 ## _aRU 200 1# _aТермосферные эффекты во время магнитных супербурь в мае 2024 г. и октябре-ноябре 2003 г. в Cеверном полушарии и ионосферный отклик на них _eЖурнальная статья 210 1# _aМосква _cОбщество с ограниченной ответственностью «Научно-издательский центр ИНФРА-М» _d2026 215 ## _a20 с. 608 ## _aЖурнальная статья _2local 675 ## _aИоносфера: теории, влияния ионосферы, распределение и т. д.. 550.388.2 _z 700 #1 _aЧерниговская _gМарина Артуровна 700 #1 _aХабитуев _gДенис Сергеевич 700 #1 _aСетов _gАртём Геннадьевич 700 #1 _aРатовский _gКонстантин Геннадьевич 700 #1 _aКалишин _gАлексей Сергеевич 700 #1 _aДолгачева _gСветлана Александровна 700 #1 _aСтепанов _gАлександр Егорович 700 #1 _aБелинская _gАнастасия Юрьевна 700 #1 _aБычков _gВасилий Валентинович 700 #1 _aГригорьева _gСветлана Анатольевна 700 #1 _aПанченко _gВалерий Алексеевич 700 #1 _aТимченко _gАлександр Владимирович 856 4# _anaukaru.ru _u